Windsor, Ontario Neighborhoods on a Map - Statistics

General Stats
  • This quiz has been taken 22 times
  • The average score is 9 of 24
Answers on the Map
Answers color-coded by a green-red scale on the quiz's map according to % correct below.
 
Answer Stats
Answer % Correct
South Windsor
88%
City Centre
63%
Devonshire
50%
East Windsor
50%
Ojibway
50%
Riverside
50%
Sandwich
50%
Walkerville
50%
East Riverside
38%
Ford City
38%
Forest Glade
38%
Malden
38%
Remington
38%
South Cameron
38%
South Walkerville
38%
University
38%
Fontainebleu
25%
Pillette
25%
South Central
25%
Rhodes Industrial
13%
Roseland East
13%
Roseland West
13%
Tecumseh Lauzon
13%
Twin Oaks Industrial
0%
No matching quizzes found
Score Distribution
Percent of People with Each Score
Percentile by Number Answered
Your Score History
You have not taken this quiz